| Tag |
First Indicator |
Second Indicator |
Subfields |
| LEADER |
00000ccm a2200000Ii 4500 |
| 001 |
in00002503003 |
| 005 |
20210930122937.0 |
| 008 |
760325s1975 it sgu n ita |
| 010 |
|
|
|a 77770114
|
| 035 |
|
|
|a (OCoLC)ocm02067325
|
| 035 |
|
|
|a (OCoLC)2067325
|
| 040 |
|
|
|a DLC
|c COO
|d OCL
|d OCLCQ
|d OCLCG
|d CLU
|d LGG
|d TXA
|d UtOrBLW
|
| 048 |
|
|
|a va01
|a ke
|
| 049 |
|
|
|a TXAM
|
| 050 |
0 |
0 |
|a M2
|b .C64333 no. 3
|
| 100 |
1 |
|
|a Mazzocchi, D.
|q (Domenico),
|d 1592-1665.
|
| 240 |
1 |
0 |
|a Dialoghi e sonetti.
|p La Maddalena ricorre alle lagrime
|
| 245 |
1 |
0 |
|a Lagrime amare :
|b La Maddalena ricorre alle lagrime /
|c Roma, 1638 / Domenico Mazzocchi ; a cura di Carlo Dall'Argine.
|
| 264 |
|
1 |
|a Firenze :
|b Centro studi rinascimento musicale ;
|a Libreria commissionaria, SP44,
|c 1975.
|
| 300 |
|
|
|a 27 pages :
|b facsimiles ;
|c 25 cm.
|
| 336 |
|
|
|a notated music
|b ntm
|2 rdacontent
|
| 337 |
|
|
|a unmediated
|b n
|2 rdamedia
|
| 338 |
|
|
|a volume
|b nc
|2 rdacarrier
|
| 490 |
1 |
|
|a Collana di opere del XVI e XVII secolo ;
|v 3
|
| 500 |
|
|
|a For soprano and continuo; figured bass realized for keyboard instrument.
|
| 500 |
|
|
|a Words by Cardinal Ubaldino.
|
| 500 |
|
|
|a Includes a facsim. of the 1st edition, with title: La Maddalena ricorre alle lagrime.
|
| 650 |
|
0 |
|a Sacred songs (High voice) with continuo.
|
| 600 |
1 |
0 |
|a Ubaldino,
|c Cardinal
|v Musical settings.
|
| 740 |
0 |
|
|a Maddalena ricorre alle lagrime.
|
| 830 |
|
0 |
|a Collana di opere del XVI e XVII secolo.
|
| 948 |
|
|
|a cataloged
|b h
|c 2009/9/2
|d c
|e bhartsfi
|f 1:41:06 pm
|
| 994 |
|
|
|a C0
|b TXA
|
| 999 |
|
|
|a MARS
|
| 999 |
f |
f |
|s 463d2e84-631f-36a9-91f8-edfdee6a852b
|i e413af89-7ddb-3eb4-9c70-78f4e11e7b17
|t 0
|
| 952 |
f |
f |
|p ric
|a Texas A&M University
|b Rellis Campus
|c Joint Library Facility
|d Remote Storage
|t 0
|e M2 .C64333 no.3
|h Library of Congress classification
|i unmediated -- volume
|m A14838881411
|
| 998 |
f |
f |
|a M2 .C64333 no.3
|t 0
|l Remote Storage
|